Zach Bryan Charting Songs (Billboard Hot 100) - Statistics

General Stats
  • This quiz has been taken 461 times
    15 since last reset
  • The average score is 20 of 66
Answer Stats
Album Weeks On Peak Artist(s) Song % Correct
Zach Bryan 52 Weeks #1 (1 Week) Zach Bryan ft. Kacey Musgraves I Remember Everything
93%
The Great American Bar Scene 20 Weeks #14 Zach Bryan 28
73%
Non-Album Single 20 Weeks #42 Zach Bryan ft. Maggie Rogers Dawns
73%
Zach Bryan 20 Weeks #14 Zach Bryan ft. The War and Treaty Hey Driver
73%
Boys of Faith 4 Weeks #14 Zach Bryan ft. Noah Kahan Sarah's Place
73%
With Heaven On Top 13 Weeks #13 Zach Bryan Plastic Cigarette
67%
American Heartbreak 66 Weeks #10 Zach Bryan Something in the Orange
60%
Zach Bryan 6 Weeks #18 Zach Bryan ft. The Lumineers Spotless
60%
The Great American Bar Scene 9 Weeks #21 Zach Bryan American Nights
53%
Boys of Faith 2 Weeks #26 Zach Bryan ft. Bon Iver Boys of Faith
53%
Zach Bryan 3 Weeks #37 Zach Bryan ft. Sierra Farrell Holy Roller
53%
Zach Bryan 12 Weeks #20 Zach Bryan Tourniquet
53%
Non-Album Single 1 Week #81 Zach Bryan ft. Kings of Leon Bowery
47%
Zach Bryan 3 Weeks #22 Zach Bryan Overtime
47%
The Great American Bar Scene 25 Weeks #6 Zach Bryan Pink Skies
47%
Streets of London 4 Weeks #53 Zach Bryan River Washed Hair
47%
With Heaven On Top 1 Week #68 Zach Bryan With Heaven On Top
47%
Zach Bryan 3 Weeks #24 Zach Bryan Fear and Friday's
40%
The Great American Bar Scene 1 Week #83 Zach Bryan ft. John Farland Memphis, The Blues
40%
Boys of Faith 1 Week #54 Zach Bryan Nine Ball
40%
Summertime Blues EP 20 Weeks #72 Zach Bryan Oklahoma Smokeshow
40%
With Heaven On Top 12 Weeks #25 Zach Bryan Say Why
40%
Non-Album Single 3 Weeks #93 Zach Bryan Burn, Burn, Burn
33%
Zach Bryan 5 Weeks #17 Zach Bryan East Side of Sorrow
33%
The Great American Bar Scene 2 Weeks #48 Zach Bryan Oak Island
33%
The Great American Bar Scene 2 Weeks #71 Zach Bryan ft. Bruce Springsteen Sandpaper
33%
With Heaven On Top 2 Weeks #38 Zach Bryan Appetite
27%
With Heaven On Top 2 Weeks #35 Zach Bryan Bad News
27%
With Heaven On Top 1 Week #56 Zach Bryan DeAnn's Denim
27%
Zach Bryan 3 Weeks #31 Zach Bryan El Dorado
27%
With Heaven On Top 1 Week #89 Zach Bryan Rivers and Creeks
27%
Zach Bryan 3 Weeks #23 Zach Bryan Summertime's Close
27%
The Great American Bar Scene 2 Weeks #61 Zach Bryan Bass Boat
20%
The Great American Bar Scene 4 Weeks #46 Zach Bryan ft. John Mayer Better Days
20%
With Heaven On Top 1 Week #71 Zach Bryan Cannonball
20%
With Heaven On Top 1 Week #57 Zach Bryan Drowning
20%
The Great American Bar Scene 1 Week #99 Zach Bryan Funny Man
20%
Non-Album Single 5 Weeks #29 Zach Bryan High Road
20%
Zach Bryan 2 Weeks #41 Zach Bryan Jake's Piano - Long Island
20%
The Great American Bar Scene 1 Week #91 Zach Bryan Like Ida
20%
Non-Album Single 2 Weeks #62 Zach Bryan ft. Gabriella Rose Madeline
20%
Boys of Faith 1 Week #66 Zach Bryan Pain, Sweet, Pain
20%
The Great American Bar Scene 2 Weeks #69 Zach Bryan & Noeline Hofmann Purple Gas
20%
With Heaven On Top 1 Week #72 Zach Bryan Slicked Back
20%
Zach Bryan 3 Weeks #38 Zach Bryan Smaller Acts
20%
With Heaven On Top 1 Week #69 Zach Bryan South and Pine
20%
Non-Album Single 1 Week #49 Zach Bryan This World's a Giant
20%
Zach Bryan 3 Weeks #29 Zach Bryan Ticking
20%
With Heaven On Top 1 Week #73 Zach Bryan Anyways
13%
The Great American Bar Scene 1 Week #74 Zach Bryan Boons
13%
Boys of Faith 1 Week #45 Zach Bryan Deep Satin
13%
With Heaven On Top 1 Week #58 Zach Bryan Dry Deserts
13%
Zach Bryan 2 Weeks #47 Zach Bryan Oklahoman Son
13%
With Heaven On Top 1 Week #46 Zach Bryan Runny Eggs
13%
With Heaven On Top 1 Week #61 Zach Bryan Santa Fe
13%
With Heaven On Top 1 Week #51 Zach Bryan Skin
13%
The Great American Bar Scene 1 Week #58 Zach Bryan The Great American Bar Scene
13%
The Great American Bar Scene 1 Week #57 Zach Bryan The Way Back
13%
The Great American Bar Scene 1 Week #94 Zach Bryan Towers
13%
Zach Bryan 2 Weeks #44 Zach Bryan Tradesman
13%
Zach Bryan 1 Week #39 Zach Bryan Fear and Friday's (Poem)
7%
With Heaven On Top 1 Week #87 Zach Bryan If They Come Lookin'
7%
The Great American Bar Scene 1 Week #73 Zach Bryan Mechanical Bull
7%
The Great American Bar Scene 1 Week #93 Zach Bryan Northern Thunder
7%
With Heaven On Top 1 Week #95 Zach Bryan You Can Still Come Home
7%
Non-Album Single 2 Weeks #73 Zach Bryan Blue Jean Baby
0%
No matching quizzes found
Score Distribution
Percent of People with Each Score
Percentile by Number Answered
Your Score History
You have not taken this quiz since the last reset